| 000 | 00478nam a2200157 a 4500 | ||
|---|---|---|---|
| 001 | 000031759 | ||
| 005 | 20200930063146.0 | ||
| 008 | 110701s1945 dr 000 0 spa d | ||
| 040 |
_aDO-SdBNP _bspa _cBNPHU |
||
| 082 |
_axx _bR457m |
||
| 100 | 1 |
_aReyes Vargas, P. A. _956618 |
|
| 245 | 1 | 0 |
_aMéxico ante la realidad americana / _cP. A. Reyes Vargas. |
| 260 |
_aSantiago, República Dominicana : _bImprenta Muchas Gracias, _c[1945?]. |
||
| 300 |
_a18 p. ; _c20 cm. |
||
| 049 | _aBNPD | ||
| 999 |
_c31251 _d31251 |
||